| 000 | 00974pam a2200277 a 4500 | ||
|---|---|---|---|
| 999 |
_c6981 _d6981 |
||
| 001 | 2910425 | ||
| 003 | GBCCL | ||
| 005 | 20241126110616.0 | ||
| 008 | 880706s1988 nyua f 001 0 eng | ||
| 010 | _a 88018537 | ||
| 020 |
_a0895773198 : _c$24.95 |
||
| 040 |
_aDLC _cDLC _dDLC |
||
| 050 | 0 | 0 |
_aRC86.8 _b.E54 1988 |
| 082 | 0 | 0 |
_a616.0252 _219 _bREA |
| 245 | 0 | 0 |
_aEmergency : _bwhat to do in an emergency : Reader's digest action guide. |
| 260 |
_aPleasantville, N.Y. : _bReader's Digest Association, _cc1988. |
||
| 300 |
_a354 p. : _bill. (some col.) ; _c28 cm. |
||
| 500 | _aBased on: What to do in an emergency. | ||
| 500 | _aIncludes index. | ||
| 650 | 0 |
_aMedical emergencies _xHandbooks, manuals, etc. _912420 |
|
| 650 | 0 |
_aFirst aid in illness and injury _xHandbooks, manuals, etc. _912421 |
|
| 710 | 2 |
_aReader's Digest Association. _96294 |
|
| 730 | 0 |
_aWhat to do in an emergency. _912422 |
|
| 906 |
_a7 _bcbc _corignew _d1 _eocip _f19 _gy-gencatlg |
||
| 942 |
_2ddc _cREF |
||